000
00285nam a2200097 a 4500
005
20200930055603.0
008
110415s2004 000 spa d
245
0
_a
Guiados por el espiritu vividos en comunidad: catequesis de iniciación cristiana.
260
_c
[s.f.].
999
_c
28979
_d
28979
040
_a
DO-SdBNP